Intermediate accounting / (Record no. 5590)
[ view plain ]
| 000 -LEADER | |
|---|---|
| fixed length control field | 00327nam a22001337a 4500 |
| 020 ## - INTERNATIONAL STANDARD BOOK NUMBER | |
| International Standard Book Number | 9780470161005 |
| 050 ## - LIBRARY OF CONGRESS CALL NUMBER | |
| Classification number | HF 5636 |
| Item number | .I57 2010 |
| 245 ## - TITLE STATEMENT | |
| Title | Intermediate accounting |
| Statement of responsibility, etc. | Donald E.Kieso (et at.) |
| 250 ## - EDITION STATEMENT | |
| Edition statement | 9 th ed. |
| 260 ## - PUBLICATION, DISTRIBUTION, ETC. (IMPRINT) | |
| Place of publication, distribution, etc. | Canada: |
| Name of publisher, distributor, etc. | John Wiley, |
| Date of publication, distribution, etc. | 2010. |
| 300 ## - PHYSICAL DESCRIPTION | |
| Extent | 1672p. |
| 650 ## - SUBJECT ADDED ENTRY--TOPICAL TERM | |
| General subdivision | Accounting |
| 942 ## - ADDED ENTRY ELEMENTS (KOHA) | |
| Source of classification or shelving scheme | Library of Congress Classification |
| Koha item type | General circulation |
| Withdrawn status | Lost status | Source of classification or shelving scheme | Damaged status | Not for loan | Home library | Current library | Shelving location | Date acquired | Total Checkouts | Full call number | Barcode | Date last seen | Koha item type | Source of acquisition | Price effective from | Public note | Date last checked out |
|---|---|---|---|---|---|---|---|---|---|---|---|---|---|---|---|---|---|
| Library of Congress Classification | Kitui Town Campus Library | Kitui Town Campus Library | General Stacks | 10/07/2015 | HF 5636 .I57 2010 | 2015/012276 | 10/07/2015 | General circulation | |||||||||
| Library of Congress Classification | Main Campus Library | Main Campus Library | General Stacks | 13/07/2015 | HF 5636 .I57 2010 | 2015/002472 | 13/07/2015 | General circulation | Donation - Books for Africa | 13/07/2015 | JTH | ||||||
| Library of Congress Classification | Main Campus Library | Main Campus Library | General Stacks | 13/07/2015 | 1 | HF 5636 .I57 2010 | 2015/002471 | 22/11/2019 | General circulation | Donation - Books for Africa | 13/07/2015 | JTH | 08/11/2019 |